Statistiken für Ewige Tabelle der Fußball-Bundesliga

Klicken Sie hier um das Quiz zu spielen!

Allgemein

  • Dieses Quiz wurde 11,228 mal gespielt
    (7,149 seit der letzten Aktualisierung)
  • Das Durchschnittsergebnis liegt bei 39 aus 56

Antwortstatistiken

Pl. Jahre Punkte Club % Correct
1543687FC Bayern München
100%
3522806Borussia Dortmund
99%
4552733Hamburger SV
98%
2552824Werder Bremen
96%
5532654VfB Stuttgart
94%
7512477FC Schalke 04
94%
84722941. FC Köln
94%
343186RB Leipzig
94%
12361633Hertha BSC
92%
45277Stuttgarter Kickers
91%
6512560Borussia Mönchengladbach
91%
9502291Eintracht Frankfurt
91%
54120VfB Leipzig
90%
143313181. FC Nürnberg
89%
10402122Bayer 04 Leverkusen
88%
15301174Hannover 96
86%
1824994Fortuna Düsseldorf
86%
17221040VfL Wolfsburg
85%
2219755SC Freiburg
85%
384140Dynamo Dresden
84%
24135601. FSV Mainz 05
84%
56001. FC Union Berlin
84%
288321FC Augsburg
83%
2611505TSG 1899 Hoffenheim
80%
50131SC Paderborn 07
80%
114420941. FC Kaiserslautern
79%
2317598Arminia Bielefeld
75%
2120884TSV 1860 München
75%
13341374VfL Bochum
72%
2021903Eintracht Braunschweig
71%
317262Rot-Weiss Essen
71%
328254FC St. Pauli
71%
1924953Karlsruher SC
71%
52121SpVgg Greuther Fürth
70%
16281147MSV Duisburg
69%
354157Alemannia Aachen
67%
46272FC Ingolstadt 04
61%
297285SV Waldhof Mannheim
61%
404117SV Darmstadt 98
59%
3751441. FC Saarbrücken
59%
336211Energie Cottbus
57%
2712479Hansa Rostock
55%
51130Preußen Münster
52%
48135SSV Ulm 1846
51%
307282Kickers Offenbach
49%
55110SC Tasmania 1900 Berlin
45%
2514543KFC Uerdingen 05
44%
44279SpVgg Unterhaching
42%
394139Rot-Weiß Oberhausen
40%
413102Wuppertaler SV
37%
47249Tennis Borussia Berlin
35%
364150SG Wattenscheid 09
32%
49133SC Fortuna Köln
30%
43390FC 08 Homburg
27%
53121Blau-Weiß 90 Berlin
26%
42393Borussia Neunkirchen
22%

Verteilung der Resultate

Perzentil nach korrekt beantworteten Fragen

Anzahl Personen mit jedem Resultat

Ihre Resultats-Entwicklung

Sie haben dieses Quiz seit der letzten Aktualisierung nicht gespielt